[Event "Llinars del Valles 3rd"]
[Site "Llinars del Valles"]
[Date "2023.06.26"]
[Round "2"]
[White "Solodovnichenko, Yuri"]
[Black "Garre Montes, Marc"]
[Result "1-0"]
[WhiteElo "2503"]
[BlackElo "1956"]
[PlyCount "143"]
[EventDate "2023.06.25"]
[EventType "swiss"]
[EventRounds "9"]
[EventCountry "ESP"]
[SourceTitle "CBM 215 Extra"]
[Source "ChessBase"]
[SourceDate "2023.09.30"]
[SourceVersion "1"]
[SourceVersionDate "2023.09.30"]
[SourceQuality "1"]

1. e4 c5 2. Nc3 Nc6 3. Nge2 g6 4. d4 cxd4 5. Nxd4 Bg7 6. Be3 d6 7. Qd2 Nf6 8. f3 0-0 9. Bc4 Nxd4 10. Bxd4 Be6 11. Bb3 Rc8 12. 0-0-0 Bxb3 13. cxb3 d5 14. e5 Nd7 15. Qe3 Rc6 16. Kb1 e6 17. Rhe1 Qe7 18. f4 f6 19. exf6 Nxf6 20. h3 Qf7 21. g4 Nd7 22. Nb5 Qxf4 23. Bxg7 Kxg7 24. Qxa7 Rb6 25. Nd4 Re8 26. Qa4 Qd6 27. Nb5 Qc5 28. Nc3 Rc6 29. a3 Nb6 30. Qf4 Qd6 31. Qd2 e5 32. h4 d4 33. Ne4 Qe6 34. Ka2 Rec8 35. Ng5 Qd5 36. Qb4 R8c7 37. Rf1 Qd8 38. Qe1 Re7 39. h5 Qd5 40. h6+ Kg8 41. Qb4 Qd6 42. Qxd6 Rxd6 43. Ne4 Rd8 44. Nf6+ Kh8 45. Rde1 d3 46. Re3 d2 47. Rd1 Rd4 48. Re2 Nd5 49. Nxd5 Rxd5 50. Rdxd2 Rxd2 51. Rxd2 Kg8 52. Kb1 g5 53. Kc2 Kf7 54. Rd6 e4 55. Kd2 e3+ 56. Ke2 Re4 57. Rb6 Re7 58. a4 Re6 59. Rxe6 Kxe6 60. Kxe3 Kd5 61. Kd3 Ke5 62. b4 Kf4 63. a5 Kxg4 64. b5 Kh3 65. a6 bxa6 66. bxa6 g4 67. a7 g3 68. a8Q g2 69. Qf3+ Kh2 70. Qf2 Kh1 71. Qh4+ Kg1 72. Ke3 1-0

[Event "Llinars del Valles op"]
[Site "Llinars del Valles"]
[Date "2022.06.30"]
[Round "6"]
[White "Garre Montes, Marc"]
[Black "Valenzuela Gomez, Fernando Alberto"]
[Result "0-1"]
[WhiteElo "1965"]
[BlackElo "2373"]
[PlyCount "80"]
[EventDate "2022.06.25"]
[EventType "swiss"]
[EventRounds "9"]
[EventCountry "ESP"]
[SourceTitle "CBM 209 Extra"]
[Source "ChessBase"]
[SourceDate "2022.09.30"]
[SourceVersion "1"]
[SourceVersionDate "2022.09.30"]
[SourceQuality "1"]

1. e4 e5 2. Nf3 Nc6 3. Bc4 Nf6 4. d3 Bc5 5. c3 a5 6. a4 d6 7. Nbd2 0-0 8. Nf1 Be6 9. Bb3 d5 10. exd5 Bxd5 11. Bxd5 Qxd5 12. Ne3 Qd7 13. 0-0 Rad8 14. Nc4 e4 15. Nfe5 Nxe5 16. Nxe5 Qe6 17. d4 Bd6 18. f4 c5 19. Be3 cxd4 20. cxd4 Nd5 21. Qe2 Bb8 22. f5 Qd6 23. Bf2 f6 24. Ng4 h5 25. Bg3 Qb6 26. Bxb8 hxg4 27. Bg3 Qxd4+ 28. Kh1 e3 29. Rad1 Qe4 30. Qd3 Qxa4 31. Rfe1 Rfe8 32. Qd4 Qxd4 33. Rxd4 Ne7 34. Rxd8 Rxd8 35. Rxe3 Nxf5 36. Re1 Rd2 37. Bc7 a4 38. h3 gxh3 39. gxh3 Rxb2 40. Ra1 b5 0-1

[Event "Llinars del Valles op"]
[Site "Llinars del Valles"]
[Date "2022.06.29"]
[Round "5"]
[White "Colome Rovira, Oscar"]
[Black "Garre Montes, Marc"]
[Result "1/2-1/2"]
[WhiteElo "1764"]
[BlackElo "1965"]
[PlyCount "70"]
[EventDate "2022.06.25"]
[EventType "swiss"]
[EventRounds "9"]
[EventCountry "ESP"]
[SourceTitle "CBM 209 Extra"]
[Source "ChessBase"]
[SourceDate "2022.09.30"]
[SourceVersion "1"]
[SourceVersionDate "2022.09.30"]
[SourceQuality "1"]

1. d4 d5 2. c4 e6 3. Nc3 f5 4. Nf3 Nf6 5. cxd5 exd5 6. Bg5 c6 7. e3 Bd6 8. Bd3 0-0 9. Qc2 Qd7 10. Bxf6 Rxf6 11. g4 Qe8 12. g5 Rf8 13. 0-0-0 b5 14. Ne2 Na6 15. Qb3 Nb4 16. Nf4 Nxd3+ 17. Qxd3 Bxf4 18. exf4 Qe4 19. Qe3 Bb7 20. Ne5 Rad8 21. Qg3 Qe2 22. f3 b4 23. Rd3 Ba6 24. Re1 Bxd3 25. Rxe2 Bxe2 26. Kd2 Bb5 27. g6 hxg6 28. Nxg6 Rf6 29. h4 Re8 30. h5 Re2+ 31. Kc1 Ree6 32. Qg5 a6 33. Ne5 c5 34. dxc5 d4 35. Kd2 a5 1/2-1/2

[Event "Llinars del Valles op"]
[Site "Llinars del Valles"]
[Date "2022.06.27"]
[Round "3"]
[White "Garcia Ramos, Daniel"]
[Black "Garre Montes, Marc"]
[Result "1-0"]
[WhiteElo "2441"]
[BlackElo "1965"]
[PlyCount "63"]
[EventDate "2022.06.25"]
[EventType "swiss"]
[EventRounds "9"]
[EventCountry "ESP"]
[SourceTitle "CBM 209 Extra"]
[Source "ChessBase"]
[SourceDate "2022.09.30"]
[SourceVersion "1"]
[SourceVersionDate "2022.09.30"]
[SourceQuality "1"]

1. e4 c5 2. Nf3 d6 3. d4 cxd4 4. Nxd4 Nf6 5. Nc3 g6 6. Be3 Bg7 7. f3 0-0 8. Qd2 Nc6 9. 0-0-0 Nxd4 10. Bxd4 Be6 11. Nd5 Bxd5 12. exd5 Qc7 13. Kb1 Rfc8 14. a3 a6 15. g4 b5 16. h4 Rab8 17. h5 a5 18. hxg6 hxg6 19. g5 Nh5 20. Bxg7 Nxg7 21. Bh3 b4 22. Bxc8 bxa3 23. b3 Rxc8 24. Rh4 Rb8 25. Ka2 Qc5 26. Rc4 Qb6 27. Qc3 Qd8 28. Kxa3 Nh5 29. Rdd4 Qf8 30. Rc7 e5 31. dxe6 fxe6 32. Ka2 1-0

[Event "Foment Martinenc op-A 22nd"]
[Site "Barcelona"]
[Date "2022.04.30"]
[Round "2"]
[White "Moya Nunez, Pau Salvador"]
[Black "Garre Montes, Marc"]
[Result "1-0"]
[WhiteElo "2044"]
[BlackElo "1705"]
[PlyCount "81"]
[EventDate "2022.04.23"]
[EventType "swiss"]
[EventRounds "9"]
[EventCountry "ESP"]
[SourceTitle "EXT 2023"]
[Source "ChessBase"]
[SourceDate "2022.10.05"]
[SourceVersion "1"]
[SourceVersionDate "2022.10.05"]
[SourceQuality "1"]

1. e4 c5 2. Nf3 d6 3. Bb5+ Bd7 4. Bxd7+ Qxd7 5. 0-0 Nc6 6. c3 g6 7. d4 cxd4 8. cxd4 Bg7 9. Nc3 Nf6 10. Re1 0-0 11. h3 Rfd8 12. Bf4 Nh5 13. Be3 Nf6 14. d5 Ne5 15. Nxe5 dxe5 16. Rc1 e6 17. Bg5 h6 18. Bxf6 Bxf6 19. Qb3 Rac8 20. Rcd1 b6 21. Rd3 exd5 22. Rxd5 Qe6 23. Red1 Rxd5 24. Rxd5 Be7 25. Qd1 Rc4 26. Rd7 Bc5 27. Rxa7 Rd4 28. Qf3 Rd2 29. Nd1 Bd4 30. Kh2 Kg7 31. Ra8 Bxb2 32. Nxb2 Rxb2 33. Qa3 Rxf2 34. Qf8+ Kf6 35. Qxh6 Ke7 36. Qf8+ Kf6 37. Qh8+ Kg5 38. Kg3 Rxg2+ 39. Kxg2 Qc6 40. Qxe5+ f5 41. h4+ 1-0

[Event "Llinars del Valles op 1st"]
[Site "Llinars del Valles"]
[Date "2021.06.26"]
[Round "2"]
[White "Garre Montes, Marc"]
[Black "Broadbent Brun, Jensen"]
[Result "0-1"]
[WhiteElo "1586"]
[BlackElo "1488"]
[PlyCount "118"]
[EventDate "2021.06.25"]
[EventType "swiss"]
[EventRounds "9"]
[EventCountry "ESP"]
[SourceTitle "CBM 203 Extra"]
[Source "ChessBase"]
[SourceDate "2021.09.30"]
[SourceVersion "1"]
[SourceVersionDate "2021.09.30"]
[SourceQuality "1"]

1. e4 c5 2. Nf3 e6 3. c3 Nf6 4. e5 Nd5 5. d4 cxd4 6. cxd4 Be7 7. Nc3 Nxc3 8. bxc3 d5 9. Bd3 0-0 10. Qc2 h6 11. 0-0 f5 12. exf6 Bxf6 13. Be3 Nc6 14. Qd2 e5 15. dxe5 Nxe5 16. Nxe5 Bxe5 17. f4 Bf6 18. Bc2 Qa5 19. Qd3 Qxc3 20. Qh7+ Kf7 21. Rae1 Be6 22. Kh1 d4 23. Bxd4 Qxd4 24. Rxe6 Kxe6 25. Qf5+ Kd6 26. Rd1 Qxd1+ 27. Bxd1 Rae8 28. Qd3+ Kc7 29. Be2 Re7 30. h3 Rfe8 31. Bf3 Rd8 32. Qb3 Kb8 33. a4 g5 34. Qb4 gxf4 35. Bxb7 Rd4 36. Qb5 Rxb7 37. Qe8+ Rd8 38. Qe4 Be7 39. Kg1 Bc5+ 40. Kf1 Rb4 41. Qe5+ Bd6 42. Qd5 Rb1+ 43. Ke2 Rb2+ 44. Kf3 Bc7 45. Qc4 Rdd2 46. Qg8+ Kb7 47. Qc4 Rf2+ 48. Ke4 Rxg2 49. Qd5+ Kb8 50. Qd7 Rge2+ 51. Kf5 f3 52. Qf7 Re5+ 53. Kg6 Rb6+ 54. Kh7 a5 55. Qf8+ Kb7 56. Qxf3+ Kc8 57. Kg7 Re7+ 58. Kf8 Bd6 59. Qa8+ Kd7 0-1

[Event "Barcelona Canovelles op"]
[Site "Barcelona"]
[Date "2020.12.30"]
[Round "6"]
[White "Garre Montes, Marc"]
[Black "Canal Oliveras, Joan"]
[Result "0-1"]
[WhiteElo "1558"]
[BlackElo "2205"]
[PlyCount "82"]
[EventDate "2020.12.27"]
[EventType "swiss"]
[EventRounds "7"]
[EventCountry "ESP"]
[SourceTitle "CBM 200 Extra"]
[Source "ChessBase"]
[SourceDate "2021.03.31"]
[SourceVersion "1"]
[SourceVersionDate "2021.03.31"]
[SourceQuality "1"]

1. e4 e5 2. Nf3 Nc6 3. Bc4 Nf6 4. d3 Bc5 5. c3 a6 6. Bb3 d6 7. Nbd2 0-0 8. 0-0 Be6 9. Nc4 b5 10. Ne3 Bb6 11. h3 h6 12. Bc2 d5 13. exd5 Nxd5 14. Nxd5 Bxd5 15. Be3 Bxe3 16. fxe3 Qe7 17. Qe2 Rad8 18. Rae1 f5 19. c4 bxc4 20. dxc4 Be6 21. Ba4 Qc5 22. Bxc6 Qxc6 23. b3 Qc5 24. Qb2 e4 25. Nd4 Qe5 26. Re2 Bd7 27. Qc3 c5 28. Nb5 Qg3 29. Na3 Be8 30. Qe1 Qxe1 31. Rfxe1 Rd3 32. Nb1 Bh5 33. Rd2 Rfd8 34. Rxd3 Rxd3 35. Kf2 Kf7 36. Rg1 g5 37. g4 Bg6 38. Ke2 f4 39. exf4 gxf4 40. Rd1 f3+ 41. Ke1 f2+ 0-1

[Event "Roncana op-B 13th"]
[Site "Santa Eulalia de Roncana"]
[Date "2019.09.28"]
[Round "1"]
[White "Negre Pipla, Josep"]
[Black "Garre Montes, Marc"]
[Result "1/2-1/2"]
[WhiteElo "1546"]
[BlackElo "1305"]
[PlyCount "91"]
[EventDate "2019.09.28"]
[EventType "swiss"]
[EventRounds "8"]
[EventCountry "ESP"]
[SourceTitle "CBM 193 Extra"]
[Source "ChessBase"]
[SourceDate "2020.01.31"]
[SourceVersion "1"]
[SourceVersionDate "2020.01.31"]
[SourceQuality "1"]

1. e4 c5 2. Nf3 d6 3. d4 cxd4 4. Nxd4 Nf6 5. Nc3 g6 6. Be3 Bg7 7. f3 Nc6 8. Qd2 Bd7 9. 0-0-0 a5 10. g4 0-0 11. h4 h5 12. Be2 hxg4 13. fxg4 Nxg4 14. Bxg4 Bxg4 15. Rdg1 Ne5 16. b3 Bh5 17. Rg3 Ng4 18. Rhg1 Qd7 19. Nd5 Nxe3 20. Qxe3 a4 21. Nb6 Qc7 22. Nxa8 Rxa8 23. b4 Qc4 24. c3 Qxa2 25. R3g2 Bxd4 26. Qxd4 Qa1+ 27. Kd2 Qb2+ 28. Ke3 Qb3 29. Qd2 Rc8 30. Rc1 a3 31. Qc2 Qc4 32. Qa2 Qa6 33. Qb3 Qb6+ 34. Kd2 a2 35. Qxa2 Qb5 36. Qb3 Rc4 37. Re1 Bf3 38. Rg5 Qc6 39. Re3 Bxe4 40. h5 d5 41. hxg6 Bxg6 42. Rxe7 Qf6 43. Re8+ Kg7 44. Rxd5 Qf2+ 45. Re2 Qf4+ 46. Re3 1/2-1/2

[Event "Foment Martinenc op-C 21st"]
[Site "Barcelona"]
[Date "2019.06.22"]
[Round "9"]
[White "Garre Montes, Marc"]
[Black "Farell Duran, Josep"]
[Result "1-0"]
[WhiteElo "1622"]
[BlackElo "1665"]
[PlyCount "127"]
[EventDate "2019.04.27"]
[EventType "swiss"]
[EventRounds "9"]
[EventCountry "ESP"]
[SourceTitle "EXT 2020"]
[Source "ChessBase"]
[SourceDate "2019.10.17"]
[SourceVersion "1"]
[SourceVersionDate "2019.10.17"]
[SourceQuality "1"]

1. e4 d6 2. d4 Nf6 3. Nc3 g6 4. f3 Bg7 5. Be3 a6 6. Bd3 0-0 7. Qd2 b5 8. Bh6 Bb7 9. Bxg7 Kxg7 10. h4 e5 11. d5 Nbd7 12. g4 Rh8 13. h5 h6 14. hxg6 fxg6 15. 0-0-0 Nc5 16. Nge2 b4 17. Nb1 Nxd3+ 18. Qxd3 Qd7 19. Rdg1 c6 20. f4 cxd5 21. fxe5 dxe5 22. Qg3 Qe6 23. g5 Nxe4 24. Qb3 a5 25. gxh6+ Rxh6 26. Rxh6 Kxh6 27. Nd2 Nxd2 28. Kxd2 Kg7 29. Qe3 Rf8 30. Rh1 Rh8 31. Rxh8 Kxh8 32. Qg5 Bc6 33. Qd8+ Kg7 34. Qxa5 Qg4 35. Qc7+ Bd7 36. Qxe5+ Kh6 37. Qxd5 Bf5 38. Qh1+ Kg7 39. Qg1 Qe4 40. Qd4+ Kh6 41. Qxe4 Bxe4 42. c3 bxc3+ 43. bxc3 Bd5 44. a4 g5 45. Ke3 g4 46. Kf4 Kh5 47. Kg3 Kg5 48. Nd4 Bc4 49. Nc6 Bd5 50. Nb4 Bc4 51. a5 Bb5 52. a6 Bxa6 53. Nxa6 Kf5 54. c4 Ke5 55. Kxg4 Kd6 56. c5+ Kc6 57. Kf5 Kb7 58. Nb4 Kc7 59. Ke5 Kb7 60. Kd6 Kc8 61. Nd5 Kd8 62. Nb6 Ke8 63. c6 Kd8 64. c7+ 1-0

[Event "Foment Martinenc op-C 21st"]
[Site "Barcelona"]
[Date "2019.06.08"]
[Round "7"]
[White "Rodriguez Collado, Alex"]
[Black "Garre Montes, Marc"]
[Result "0-1"]
[WhiteElo "1723"]
[BlackElo "1622"]
[PlyCount "142"]
[EventDate "2019.04.27"]
[EventType "swiss"]
[EventRounds "9"]
[EventCountry "ESP"]
[SourceTitle "EXT 2020"]
[Source "ChessBase"]
[SourceDate "2019.10.17"]
[SourceVersion "1"]
[SourceVersionDate "2019.10.17"]
[SourceQuality "1"]

1. e4 c5 2. Nf3 d6 3. d4 cxd4 4. Nxd4 Nf6 5. Nc3 g6 6. f3 Bg7 7. Be3 Nc6 8. Qd2 0-0 9. 0-0-0 a5 10. g4 a4 11. h4 h5 12. Be2 a3 13. b3 hxg4 14. Rdg1 gxf3 15. Bxf3 Ne5 16. Be2 Neg4 17. Bxg4 Nxg4 18. h5 Nxe3 19. Qxe3 Qb6 20. Nce2 e5 21. Nf5 Qxe3+ 22. Nxe3 Bh6 23. Kd2 g5 24. Ng3 f6 25. Nef5 Bxf5 26. Nxf5 Kh7 27. c4 Rab8 28. Kc3 Rfd8 29. Rd1 b5 30. Rd2 b4+ 31. Kc2 Rb6 32. Rf2 Bg7 33. Kd3 Rc6 34. Ne7 Rc7 35. Nd5 Rf7 36. Nxb4 Rb8 37. Nd5 Kh6 38. Rg1 Kxh5 39. Rf5 Kg6 40. Rg4 Rh8 41. Rf3 Rh2 42. Nc3 f5 43. Rgg3 f4 44. Rg1 Kh5 45. Ne2 Kh4 46. Ng3 Rxa2 47. Nf5+ Kh5 48. Nxd6 Rd7 49. c5 Rb2 50. Kc4 Ra7 51. Nb5 a2 52. Ra1 Rb1 53. Rf1 Rxf1 54. Rxf1 a1Q 55. Rxa1 Rxa1 56. c6 f3 57. c7 f2 58. c8Q f1Q+ 59. Kb4 Qe1+ 60. Nc3 Rc1 61. Qc4 Qxc3+ 62. Qxc3 Rxc3 63. Kxc3 Bf8 64. b4 Bxb4+ 65. Kxb4 g4 66. Kc3 g3 67. Kd2 g2 68. Ke2 g1Q 69. Kf3 Qg4+ 70. Ke3 Qf4+ 71. Kd3 Kg4 0-1